000 00393nam a22001577a 4500
003 MPLRDC
005 20220104123823.0
008 210129b ||||| |||| 00| 0 eng d
082 _a019 DHH-2 c.2
100 _a多湖辉
245 _a轻松有效的读书记忆术
_c林怀卿译
260 _a
_b雷鼓出版社
_c1990
300 _b
650 _a读书法
942 _cBK
_o019 DHH-2 c.2
999 _c14455
_d14445